MAASAI MARA UNIVERSITY

LIBRARY CATALOGUE

Contact Us: +254 020 2685356/7 or 0774 057787

Box: 861-20500, NAROK, KENYA

Email: info@mmarau.ac.ke

Microsoft Word 2000 / (Record no. 29715)

MARC details
000 -LEADER
fixed length control field 00775nam a22002537a 4500
003 - CONTROL NUMBER IDENTIFIER
control field OSt
005 - DATE AND TIME OF LATEST TRANSACTION
control field 20210922082810.0
008 - FIXED-LENGTH DATA ELEMENTS--GENERAL INFORMATION
fixed length control field 170622b xxu||||| |||| 00| 0 eng d
020 ## - INTERNATIONAL STANDARD BOOK NUMBER
International Standard Book Number 0763802492 (text)
020 ## - INTERNATIONAL STANDARD BOOK NUMBER
International Standard Book Number 0763802506 (text, CDROM)
040 ## - CATALOGING SOURCE
Original cataloging agency MMU
Transcribing agency MMU
Modifying agency MMU
Language of cataloging eng
050 00 - LIBRARY OF CONGRESS CALL NUMBER
Classification number Z52.5.M52
Item number R93 2000
082 00 - DEWEY DECIMAL CLASSIFICATION NUMBER
Classification number 652.5/5369
Edition number 21
100 1# - MAIN ENTRY--PERSONAL NAME
Personal name Rutkosky, Nita Hewitt.
245 10 - TITLE STATEMENT
Title Microsoft Word 2000 /
Statement of responsibility, etc. Nita Rutkosky.
246 3# - VARYING FORM OF TITLE
Title proper/short title Word 2000
260 ## - PUBLICATION, DISTRIBUTION, ETC. (IMPRINT)
Place of publication, distribution, etc. St. Paul, MN :
Name of publisher, distributor, etc. EMCParadigm,
Date of publication, distribution, etc. c2000.
300 ## - PHYSICAL DESCRIPTION
Extent xxvi, 854 p. :
Other physical details ill. ;
Dimensions 28 cm. +
Accompanying material 1 computer laser optical disc (4 3/4 in.)
500 ## - GENERAL NOTE
General note Includes index.
630 00 - SUBJECT ADDED ENTRY--UNIFORM TITLE
Uniform title Microsoft Word.
650 #0 - SUBJECT ADDED ENTRY--TOPICAL TERM
Topical term or geographic name as entry element Word processing.
830 #0 - SERIES ADDED ENTRY--UNIFORM TITLE
Uniform title Signature series (Saint Paul, Minn.)
942 ## - ADDED ENTRY ELEMENTS (KOHA)
Source of classification or shelving scheme Library of Congress Classification
Koha item type L
Holdings
Withdrawn status Lost status Source of classification or shelving scheme Damaged status Not for loan Home library Current library Date acquired Source of acquisition Total Checkouts Full call number Barcode Date last seen Price effective from Koha item type
    Library of Congress Classification     Maasai Mara University Library -Main Campus Maasai Mara University Library -Main Campus 06/22/2017 Donation -T4C   Z52.5 .M52R93 2000 20128413 06/22/2017 06/22/2017 L
© 2016 Maasai Mara University.